000 00281 a2200097 4500
001 55692
100 _a
245 _aFunctions, statistics and trigonometry projects; School of Mathematics , Uni of Chicago
260 _aIllionis
_bSciecne edt
_c1992
090 _c34579
_d34579
942 _aNUST-CAE
_cMONOGRAPH
_c27312
999 _c290765
_d290765